000 00203 a2200097 4500
001 56282
100 _a
245 _aMechatronics
260 _aNew Delhi
_bTata McGraw HILL
_c2004
090 _c34800
_d34800
942 _aNUST-CAE
_c
_c27559
999 _c291355
_d291355